000 00348nam a2200157Ia 4500
008 160316s2006 xxu||||| |||| 00| 0 eng d
082 _a364.153000
_bCED
100 _a
245 _aReturn to inoocence
250 _a
260 _a
_bCED
_c2006
300 _a3
_b
_c
365 _b
650 _a1. Child rights bill - innocence
700 _a
_a
999 _c36435
_d36435